000 00539nam a2200181Ia 4500
003 GCL
008 140319s9999 xx 000 0 ara d
040 _aGCL /
_cGCL
082 0 4 _a595.799
_bم ش
100 1 _aمحمد محمود عبدالله
245 1 0 _aفيه شفاء للناس: صيدلية النحل /
_cمحمد محمود عبدالله
300 _a136
490 _aكتاب
_v0
650 0 4 _aعسل النحل
650 0 4 _aالاستخدام العلاجى
650 0 4 _aالغذاء الملكى
942 _2ddc
_cBK
999 _c42569
_d42569